Statistiques concernant Focus sur: Elros - Tolkien

Cliquez ici pour prendre le quiz!

Statistiques générales

  • Ce quiz a été pris 7 fois
  • Le résultat moyen est 10 sur 16

Statistiques - réponses

Informations recherchéesRéponses% Correct
FrèreElrond
100%
Première apparitionLe Silmarillion
100%
IleNúmenor
100%
Maison (lignée)Númenor
100%
Ages durant lesquels il vécutPremier/Deuxième
100%
Profession et titreRoi de Númenor
100%
PèreEärendil
86%
MèreElwing
86%
Espèce (choisie)Homme
86%
CitéArmenelos
14%
Atanalcar
14%
Elerossë
14%
Manwendil
14%
Autres nomsTar-Minyatur
14%
FilleTindómiel
14%
FilsVardamir Nólimon
14%

Distribution des résultats

Percentile par nombre de réponses

% des personnes avec chaque résultat

Votre développement - résultats

Vous n’avez pas pris ce quiz